Tuyển tập các công trình nghiên cứu nghề cá biển

में बचाया:
ग्रंथसूची विवरण
मुख्य लेखक: Viện nghiên cứu hải sản
स्वरूप: पुस्तक
भाषा:Undetermined
प्रकाशित: H. Nông nghiệp 2001
विषय:
टैग : टैग जोड़ें
कोई टैग नहीं, इस रिकॉर्ड को टैग करने वाले पहले व्यक्ति बनें!
Thư viện lưu trữ: Trung tâm Học liệu Trường Đại học Cần Thơ
LEADER 00558nam a2200181Ia 4500
001 CTU_52879
008 210402s9999 xx 000 0 und d
020 |b 125400 
082 |a 338.372'7 
082 |b V305/T2 
100 |a Viện nghiên cứu hải sản 
245 0 |a Tuyển tập các công trình nghiên cứu nghề cá biển 
245 0 |c Viện nghiên cứu hải sản 
260 |a H. 
260 |b Nông nghiệp 
260 |c 2001 
650 |a fishery 
980 |a Trung tâm Học liệu Trường Đại học Cần Thơ